Everything the light touches / (Record no. 15559)

MARC details
000 -LEADER
fixed length control field 02011 a2200229 4500
001 - CONTROL NUMBER
control field 11503
003 - CONTROL NUMBER IDENTIFIER
control field IN-BhIIT
005 - DATE AND TIME OF LATEST TRANSACTION
control field 20260617170844.0
008 - FIXED-LENGTH DATA ELEMENTS--GENERAL INFORMATION
fixed length control field 260617b |||||||| |||| 00| 0 eng d
020 ## - INTERNATIONAL STANDARD BOOK NUMBER
ISBN 9789356995314 (pbk.)
040 ## - CATALOGING SOURCE
Original cataloging agency IN-BhIIT
041 ## - LANGUAGE CODE
Language code of text eng
082 ## - DEWEY DECIMAL CLASSIFICATION NUMBER
Classification number 823.009
Book number PAR/E
100 ## - MAIN ENTRY--AUTHOR NAME
Personal name Pariat, Janice
Relator term Author
245 ## - TITLE STATEMENT
Title Everything the light touches /
Statement of responsibility, etc Janice Pariat
260 ## - PUBLICATION, DISTRIBUTION, ETC. (IMPRINT)
Place of publication Haryana :
Name of publisher Harper collins ,
Year of publication 2023.
300 ## - PHYSICAL DESCRIPTION
Number of Pages 491 p. :
Other physical details(ill.) ill. ;
Dimensions(size) 22 cm.
504 ## - BIBLIOGRAPHY, ETC. NOTE
Bibliography, etc Includes bibliographical references and index.
520 ## - SUMMARY, ETC.
Summary, etc In Everything the Light Touches we meet many travellers: Shai, a young Indian woman who journeys to India's northeast and rediscovers, through her encounters with indigenous communities, ways of living that realign and renew her. Evelyn, an Edwardian student at Cambridge who, inspired by Goethe's botanical writings, embarks on a journey seeking out the sacred forests of the Lower Himalayas. Linnaeus, botanist and taxonomist, who famously declared "God creates; Linnaeus organizes" and led an expedition to Lapland in 1732. And Goethe himself, who travelled through Italy in the 1780s,formulating his ideas for a revelatory text that called for a re-examination of our propensity to reduce plants - and the world - into immutable parts.<br/><br/>Drawing richly from scientific ideas, the novel plunges into a whirl of ever-expanding themes, and the contrasts between modern India and its colonial past, urban life and the countryside, capitalism and centuries-old traditions of generosity and gratitude, script and "song and stone." At the heart of the book lies a tussle between different ways of seeing - those that fix and categorize, and those that free and unify.<br/><br/>Everything the Light Touches brings together, with startling and playful novelty, people and places that seem, at first, removed from each other in time and place. Yet all is resonance, we discover; all is connection.
650 ## - SUBJECT ADDED ENTRY--TOPICAL TERM
Topical Term Historical fiction
942 ## - ADDED ENTRY ELEMENTS (KOHA)
Koha item type General Books
Holdings
Withdrawn status Lost status Damaged status Not for loan Collection code Home library Current library Shelving location Date acquired Source of acquisition Cost, normal purchase price Full call number Accession Number Cost, replacement price Price effective from Koha item type
Not withdrawn Not Lost not damaged   GEN Central Library, IIT Bhubaneswar Central Library, IIT Bhubaneswar Popular Readings 16/06/2026 49 449.25 823.009 PAR/E 11503 599.00 16/06/2026 General Books

Central Library, Indian Institute of Technology Bhubaneswar, 4th Floor, Administrative Building, Argul, Khordha, PIN-752050, Odisha, India
Phone: +91-674-7138750 | Email: circulation.library@iitbbs.ac.in (For circulation related queries),
Email: info.library@iitbbs.ac.in (For other queries)